000 00500nam a2200157 a 4500
001 000030579
005 20200930062405.0
008 110524s1999 mx 000 0 spa d
040 _aDO-SdBNP
_bspa
_cBNPHU
082 _axxxx
_bxxxx
100 1 _aMartínez de Murguía, Beatriz
_946358
245 1 0 _aLa policía en México :
_borden social o criminalidad? /
_cBeatriz Martínez de Murguía.
260 _aMéxico :
_bPlaneta,
_c1999.
300 _a228 p. ;
_c21 cm.
504 _aBibliografía: p. 223-228
999 _c30071
_d30071